| 000 | 00708nam a2200205 i 4500 | ||
|---|---|---|---|
| 001 | 113444 | ||
| 003 | ES-MaACL | ||
| 005 | 20230906185909.0 | ||
| 007 | t| | ||
| 008 | 061121s1967 sp r ||||1| cat d | ||
| 100 | 1 |
_aPablo _bVI _cPapa, Santo. _9168351 |
|
| 245 | 1 | 0 |
_aProgrés dels pobles _b: text integre de la `Populorum progressio` / _cPau VI ; amb introduccions, comentaris, notes i apéndix de Mn. Josep Bigordá [et al.]. |
| 250 | _a[1ª ed.]. | ||
| 260 |
_aBarcelona : _bNova Terra, _c1967. |
||
| 300 |
_a192 p. ; _c19 cm. |
||
| 650 | 4 |
_aIglesia y problemas sociales- _xEncíclicas. _9137973 |
|
| 700 | 1 |
_aBigorda, Josep. _9217432 |
|
| 852 |
_aES-MaACL _jC-32641 _bR.63275 |
||
| 999 |
_c113444 _d113444 |
||